Statistics for PHARMACY: Brands vs Generics A-Z

Click here to take the quiz!

General Stats

  • This quiz has been taken 216 times
  • The average score is 10 of 26

Answer Stats

HintAnswer% Correct
GlucophageMetformin
82%
NeurontinGabapentin
73%
LasixFurosemide
63%
KlonopinClonazepam
52%
SingulairMontelukast
50%
WellbutrinBupropion
47%
MobicMeloxicam
47%
JanuviaSitagliptin
45%
TenorminAtenolol
44%
ZoviraxAcyclovir
43%
FlexerilCyclobenzaprine
43%
PaxilParoxetine
42%
CelexaCitalopram
40%
InderalPropranolol
37%
DiovanValsartan
37%
ActosPioglitazone
32%
ElavilAmitriptyline
27%
XyzalLevocetirizine
27%
RobaxinMethocarbamol
26%
BactrimSulfamethoxazole/Trimethoprim
24%
VistarilHydroxyzine
22%
OxytrolOxybutynin
21%
YuvafemEstradiol
17%
HytrinTerazosin
15%
QuillivantMethylphenidate
13%
UnivascMoexipril
6%

Score Distribution

Percentile by Number Answered

Percent of People with Each Score

Your Score History

You have not taken this quiz